Normal view MARC view

Entry Personal Name

Number of records used in: 1

001 - CONTROL NUMBER

  • control field: 53573

003 - CONTROL NUMBER IDENTIFIER

  • control field: OSt

005 - DATE AND TIME OF LATEST TRANSACTION

  • control field: 20250521122741.0

008 - FIXED-LENGTH DATA ELEMENTS

  • fixed length control field: 250521|| aca||aabn | a|a d

040 ## - CATALOGING SOURCE

  • Original cataloging agency: OSt
  • Transcribing agency: OSt

100 ## - HEADING--PERSONAL NAME

  • Personal name: Johnston, K., Alberti, F. and Kravariti, F.

670 ## - SOURCE DATA FOUND

  • Source citation: Work cat.: (OSt)526605: Johnston, K., Alberti, F. and Kravariti, F. , Representative bureaucracy and organizational attractiveness: An experimental study of symbolic representation of the us and UK police

Powered by Koha